| 000 | 01103nas a2200361 4500 | ||
|---|---|---|---|
| 001 | BR0902427 | ||
| 003 | BR-BrBNA | ||
| 005 | 20231205113340.0 | ||
| 007 | ta | ||
| 008 | 230509b bl.|||p| |||| 00| 00por d | ||
| 040 |
_aBR-BrBNA _bpor _cBiblioteca Nacional de Agricultura |
||
| 041 | _a(Pt) | ||
| 072 | _aQ02; Q04; Q80 | ||
| 100 | 1 | _aVeiga-Santos, P. | |
| 100 | 1 | _aCereda, M.P. | |
| 100 | 1 | _aScamparini, A.R.P. | |
| 245 | 1 | _aCassava starch-gelatin bio-based films structural stability and color doring storage | |
| 650 | _aMANDIOCA | ||
| 650 | _aFÉCULA | ||
| 650 | _aGELATINA | ||
| 650 | _aBIOFILME | ||
| 650 | _aEMBALAGEM | ||
| 650 | _aADITIVO | ||
| 650 | _aPRESERVAÇÃO DE ALIMENTO | ||
| 650 | _aTECNOLOGIA DE ALIMENTO | ||
| 650 | _aCRISTALIZAÇÃO | ||
| 650 | _aCOR | ||
| 650 | _aPROPRIEDADE FÍSICO-QUÍMICA | ||
| 650 | _aPROPRIEDADE ORGANOLÉPTICA | ||
| 773 | 0 |
_tBoletim do Centro de Pesquisa e Processamento de Alimentos (Brazil) _xISSN 0102-0323 _g(Jan-Jun 2008), v. 26(1) p. 123-134 _wBR0902427 |
|
| 909 |
_a202311 _bLúcia _c55 _dLúcia Elande |
||
| 942 |
_2AGRIS _n0 _cANA |
||
| 999 |
_c203284 _d203284 |
||